02486cam a22005054i 4500003000900000005001700009008004100026020001500067035002700082040003300109049000900142082001800151100003200169245006900201264005900270300003800329336002100367337002500388338002300413490006400436504002800500505062700528526001001155526001001165526000901175526000901184526000901193526000901202526000901211526000901220526000901229526000801238526000801246526000801254526000801262526000801270630004001278942001401318949019801332994001401530596000601544999022301550980005501773952015201828PE-LiUPU20250731165518.0150623s r 000 0 d a1850759251 a(Sirsi) i9781850759256 aPE-LiUPUbspacPE-LiUPUerda aPRUA04a221.07bJ2211 aMcNamara, Martín,eautor.14aThe Psalms in the early irish church.n165 /cMartín McNamara. 1aSheffield, England :bSheffield Academic Press,c2000. a492 páginas ;c22 centímetros atext2rdacontent aunmediated2rdamedia avolume2rdacarrier0 aJournal for the study of the O.T. Supplement Series ;v165 aincluye bibliografía.0 aPsalter text and psalter study in the early irish church. The Psalms in the irish church: The most recent research on text, commentary and decoration-with emphasis on the so-called psalter of charlemagne. Introduction to glossa in Psalmos: The hiberno-latin gloss on the psalms of codex palatinus latinus 68. Tradition and creativity in early irish psalter study. Some affiliations of the st columba series of Psalm headings: a preliminary study. The psalter in early irish monastic spirituality. Christology and the interpretation of the Psalms in the early irish church. The irish affiliations of the catechisis celtica. aSEG44 aSEG26 aP151 aP150 aP149 aP146 aP145 aP126 aP125 aP92 aP75 aP74 aP27 aP15 aBiblia.pA.T.pSalmosxComentarios. 2ddccBOOK aRC 221.07 J 165wDEWEYc1i51016lCCODEBUL1mBULp15.00r0sYtBOOKu2015-6-24xTEOLOGIAPP350COMPRAo.CIRCNOTE. No olvidar cambiar la fecha de devolución!!!!!!!o.STAFF. Colección General aC0bPEPRU a1 aRC 221.07 J 165wDEWEYc32702i51016f2021-11-8g6lCCODEBUL1mBULp15.00r1sYtBOOKu2015-6-24xTEOLOGIAPP350COMPRAo.CIRCNOTE. No olvidar cambiar la fecha de devolución!!!!!!!o.STAFF. Colección Generald32702 81gALBERTO SANCHEZ Responsable de Automatización r2025-12-02 00:00:00i7l0oRC 221.07 J 165p51016te1v20.00w2015-06-24xFTyREF102ddc50718REFfP35aBULbBULcREFd2015-06-24eCOMPRAg15.00